书目信息 |
| 题名: |
乡村景观规划
|
|
| 作者: | 刘黎明 主编 | |
| 分册: | ||
| 出版信息: | 北京 中国农业大学出版社 2003.8 |
|
| 页数: | 320页 | |
| 开本: | 23cm | |
| 丛书名: | ||
| 单 册: | ||
| 中图分类: | TU982.29 | |
| 科图分类: | ||
| 主题词: | 景观--jing guan--乡村规划--中国 , 景观--jing guan , 乡村规划--xiang cun gui hua | |
| 电子资源: | ||
| ISBN: | 7-81066-670-3 | |
| 000 | 00821nam0 2200253 45 | |
| 001 | 012005000000 | |
| 005 | 20061225155450.42 | |
| 010 | @a7-81066-670-3@dCNY24.00 | |
| 100 | @a20050121d2003 em y0chiy0121 ea | |
| 101 | 0 | @achi |
| 102 | @aCN@b110000 | |
| 105 | @ay a 000yy | |
| 200 | 1 | @a乡村景观规划@Axiang cun jing guan gui hua@f刘黎明主编 |
| 210 | @a北京@c中国农业大学出版社@d2003.8 | |
| 215 | @a320页@d23cm | |
| 320 | @a有书目 | |
| 330 | @a本教材根据乡村景观规划的基本思路和主要内容, 共分10章, 系统地介绍了乡村景观规划的基础理论和不同规划内容及方法。 | |
| 606 | 0 | @a景观@Ajing guan@x乡村规划@y中国 |
| 606 | 0 | @a景观@Ajing guan |
| 606 | 0 | @a乡村规划@Axiang cun gui hua |
| 690 | @aTU982.29@v4 | |
| 701 | 0 | @a刘黎明@Aliu li ming@c(环境管理)@4主编 |
| 801 | 0 | @aCN@c20061225 |
| 905 | @a10447@dTU982.29@eL644 | |
| 乡村景观规划/刘黎明主编.-北京:中国农业大学出版社,2003.8 |
| 320页;23cm |
| ISBN 7-81066-670-3:CNY24.00 |
| 本教材根据乡村景观规划的基本思路和主要内容, 共分10章, 系统地介绍了乡村景观规划的基础理论和不同规划内容及方法。 |
| ● |
| 相关链接 |
|
|
|
正题名:乡村景观规划
索取号:TU982.29/L644
 
预约/预借
| 序号 | 登录号 | 条形码 | 馆藏地/架位号 | 状态 | 备注 |
| 1 | 641103 | 206411033 | 建筑库201/201建筑库 59排2列5层/ [索取号:TU982.29/L644] | 在馆 | |
| 2 | 641104 | 206411042 | 建筑库201/201建筑库 59排2列5层/ [索取号:TU982.29/L644] | 在馆 | |
| 3 | 641105 | 206411051 | 建筑库201/201建筑库 59排2列5层/ [索取号:TU982.29/L644] | 在馆 |